Active and non-linear electronics /

Kaydedildi:
Detaylı Bibliyografya
Yazar: Schubert, Thomas
Materyal Türü: Kitap
Dil:English
Baskı/Yayın Bilgisi: New York : John Wiley and Sons, 1996.
Konular:
Etiketler: Etiketle
Etiket eklenmemiş, İlk siz ekleyin!
Thư viện lưu trữ: Mạng thư viện Đại học Đà Nẵng
LEADER 01183cam a2200361 i 4500
001 000047106
003 6642
005 20030317085858.0
008 010322|1996 vm 000 eng
020 |a 0471579424 
040 |a IRC  |c IRC  |d IRC 
041 0 |a eng 
082 1 4 |a 621.3815  |b SC-T 
100 1 |a Schubert, Thomas  |q (Thomas F.) 
245 0 0 |a Active and non-linear electronics /  |c Thomas (Thomas F.) Schubert. 
260 |a New York :  |b John Wiley and Sons,  |c 1996. 
300 |a 972p. :  |b ill. 
630 0 4 |a Electronic circuits. 
650 0 4 |a Electronic circuit design. 
650 0 4 |a Electric circuits, Nonlinear design. 
650 0 4 |a Electric networks, Active design. 
OWN |a DUT 
AVA |a UDN50  |b DUT  |c Book  |d 621.3815 SC-T  |e available  |t Error 5001 Not defined in file expand_doc_bib_avail.  |f 1  |g 0  |h N  |i 0  |j SH  |k 1 
999 |a From the UDN01 
AVA |a UDN50  |b DUT  |c Book  |d 621.3815 SC-T  |e available  |t Error 5001 Not defined in file expand_doc_bib_avail.  |f 1  |g 0  |h N  |i 0  |j SH  |k 1 
TYP |a Monograph 
TYP |a Printed language 
980 |a Mạng thư viện Đại học Đà Nẵng